Pays frontaliers de la France - Statistiques

Statistiques générales
  • Ce quiz a été pris 174 fois
  • Le résultat moyen est 9 sur 10
Statistiques - réponses
Population Pays % Correct
48,81M Espagne
99%
11,88M Belgique
98%
83,51M Allemagne
97%
58,99M Italie
97%
9,03M Suisse
97%
677,71K Luxembourg
93%
81,93K Andorre
88%
38,63K Monaco
88%
212M Brésil
84%
634,43K Suriname
60%
Aucun quiz correspondant
Distribution des résultats
% des personnes avec chaque résultat
Percentile par nombre de réponses
Votre historique - résultats
Vous n’avez pas pris ce quiz